Normal view MARC view
  • América Latina

Entry Nombre Geográfico

Number of records used in: 5

001 - NÚMERO DE CONTROL

  • campo de control: 4309

003 - IDENTIFICADOR DE NUMERO DE CONTROL

  • campo de control: MX-MxUPN

005 - FECHA Y HORA DE LA ÜLTIMA TRANSACCIÓN

  • campo de control: 20240409100046.0

008 - DATOS DE LONGITUD FIJA

  • campo de control de longitud fija: 240409n||fcnnnbabn | ana |d

035 ## - NÚMERO DE CONTROL

  • Número de control: UPN10000004309

040 ## - FUENTE DE CATALOGACIÓN

  • Agencia de catalogación original: MX-MxUPN
  • Lenguaje de catalogación: spa
  • Agencia de transcripción: MX-MxUPN

151 ## - ENCABEZAMIENTO - NOMBRE GEOGRÁFICO

  • Nombre geográfico: América Latina
  • Subdivisión general : Relaciones exteriores
  • Subdivisión geográfica: Estados Unidos

670 ## - FUENTE EN LA QUE SE LOCALIZARON DATOS

  • Cita de la fuente: LC
  • Información localizada: Latin America - Foreign relations - United States

902 ## - CATALOGADOR

  • Catalogador: MEEG/131196